La vida íntima de los romanos
Αποθηκεύτηκε σε:
| Κύριος συγγραφέας: | |
|---|---|
| Μορφή: | Βιβλίο |
| Γλώσσα: | Ισπανικά |
| Έκδοση: |
Ciudad de México
Intercontinetal
1944
|
| Σειρά: | Cuadernos de Cultura, 2
|
| Θέματα: | |
| Ετικέτες: |
Προσθήκη ετικέτας
Δεν υπάρχουν, Καταχωρήστε ετικέτα πρώτοι!
|
MARC
| LEADER | 00000nam a2200000 a 4500 | ||
|---|---|---|---|
| 001 | UCP9447 | ||
| 003 | CL-VaPUC | ||
| 008 | 000324e19440000MX |||||||||||||||||spa|d | ||
| 082 | 0 | 4 | |a 937 |b STE |2 21 |
| 100 | 0 | |a Stewart, John |e author |9 440028 | |
| 245 | 1 | 3 | |a La vida íntima de los romanos |
| 300 | |a 187 p | ||
| 942 | |c BK | ||
| 945 | |d 20000324 00:00:00 |a rherrera | ||
| 260 | |a Ciudad de México |b Intercontinetal |c 1944 | ||
| 650 | 0 | |a Historia antigua |9 267521 | |
| 650 | 7 | |a ROMA |2 CL-VaPUC |9 317375 | |
| 650 | 0 | |a Hogar |9 309858 | |
| 650 | 0 | |a Vida social |9 337244 | |
| 650 | 0 | |a Comida |9 390076 | |
| 650 | 0 | |a Familias |9 255641 | |
| 650 | 0 | |a Educación |9 258661 | |
| 650 | 0 | |a Esclavos |9 258558 | |
| 650 | 0 | |a Vestimenta |9 265323 | |
| 650 | 7 | |a RELIGION ROMANA |2 CL-VaPUC |9 440029 | |
| 650 | 0 | |a Vida pública |9 393531 | |
| 583 | |a last modification |c 20000324 00:00:00 |k Rodrigo Vera | ||
| 490 | 0 | |a Cuadernos de Cultura, 2 | |
| 999 | |c 286259 |d 286257 | ||
| 952 | |0 0 |1 0 |4 0 |6 937_000000000000000_STE_1944 |7 0 |8 X |9 331780 |a BIBHIS |b BIBHIS |d 2019-11-20 |i 1260073 |o 937 STE 1944 |p 1260073 |r 2024-01-30 |w 2019-11-20 |y BK_X |k HIS | ||